000 00679nam a22002417a 4500
003 UA-OsUOA
001 46019
007 ta
008 20070524b un ||||| |||| 00| 0 ukr d
100 _aПетлюра С. В.
090 _a82-94
_bП29
942 _cBK
040 _aUA-OsUOA
_bukr
_cUA-OsUOA
_dUA-OsUOA
245 _aНароде Український
_bвибрані статі, листи, документи
300 _a149 с.
955 _a3
041 _aukr
080 _a82-94
020 _a5-7707-244-7
260 _aХ.
_bЛівий берег
_c1992
650 7 _a82 Література. Літературознавство
_2UDC
999 _c332112
_d332112